000 00268nam a22001217a 4500
008 170405b xxu||||| |||| 00| 0 eng d
041 _aALB
080 _a616.15
100 _a9
101 _aSHM
245 _aHEMATOLOGJIA PATOFIZIOLOGJIKE
_cMULLAJ, L
942 _2udc
_cBK
999 _c9877
_d9877